Pierre Bourdieu y el capital simbólico
Αποθηκεύτηκε σε:
| Κύριος συγγραφέας: | |
|---|---|
| Μορφή: | Βιβλίο |
| Γλώσσα: | Ισπανικά |
| Έκδοση: |
Madrid
Campo de Ideas
2003
|
| Σειρά: | Serie Intelectuales
|
| Θέματα: | |
| Ετικέτες: |
Προσθήκη ετικέτας
Δεν υπάρχουν, Καταχωρήστε ετικέτα πρώτοι!
|
MARC
| LEADER | 00000nam a2200000 a 4500 | ||
|---|---|---|---|
| 001 | UCI1673 | ||
| 003 | CL-VaPUC | ||
| 008 | 070713e20030000SP |||||||||||||||||spa|d | ||
| 020 | |a 8496089045 | ||
| 082 | 0 | 4 | |a 301 |b FLA |2 21 |
| 100 | 0 | |a Flachsland, Cecilia |e author |9 522310 | |
| 245 | 1 | 0 | |a Pierre Bourdieu y el capital simbólico |
| 300 | |a 127 p | ||
| 942 | |c BK | ||
| 945 | |d 20070713 00:00:00 |a rbrito | ||
| 260 | |a Madrid |b Campo de Ideas |c 2003 | ||
| 600 | 0 | 7 | |a BOURDIEU, PIERRE |2 CL-VaPUC |9 308635 |
| 650 | 0 | |a Sociología |9 255410 | |
| 583 | |a last modification |c 20070713 00:00:00 |k Rodrigo Vera | ||
| 490 | 0 | |a Serie Intelectuales | |
| 999 | |c 326436 |d 326434 | ||
| 952 | |0 0 |1 0 |4 0 |6 301_000000000000000_FLA_2003 |7 0 |8 A |9 408317 |a BIBCUR |b BIBCUR |d 2019-11-22 |i 4356829 |o 301 FLA 2003 |p 4356829 |r 2025-04-22 |w 2019-11-22 |y BK |k MGC | ||